=LDR 00000nam 2200000 4500 =001 NUTBA000000000004235 =005 20140906112622.0 =006 =007 =008 =035 ##$$a 0010-091400000000268 =040 ##$$a Ind =082 ##$$a 641.8 =090 ##$$a 641.8$bSuk k =100 ##$$a Soechan, lanny. =245 ##$$a Kue kering gaya baru nastar$cLanny skchan =250 ##$$a Cet.2 =260 ##$$a Jakarta$bGramedia$c2007. =300 ##$$a 73 Hlm$bIlus$c21 cm. =850 ##$$a NBPNMAT =990 ##$$a 21110777 =990 ##$$a 0001/BPAP-NTB/20142014